02361cam a2200397 45000010005000000030009000050050017000140070005000310080035000360150006000710170009000770200018000860350006001040400025001100800006001350820027001411000024001682400037001922450087002292600034003163000021003504900017003715000006003885040039003945201217004335340048016506000064016986500022017626500024017846500014018086500033018226500032018556500012018877000048018998300016019472130DO-SdBNP20221110093742.02130100215s2010 sp |||| 001 0 spa  a  a b  a9788430606863 a  aBPMSUbspacBPMSUe  a  a323.42bS474i 20102221 aSen, Amartyad1933-14aThe idea of justice /lEspañol13aLa idea de la justicia /cAmartya Sen ; traducción de Hernando Valencia Villah  aMadrid :bTaurus, c 2010.b  a499 p. ; c24 cm0 a Pensamiento a  aIncluye bibliográfia e índice. a¿Es la justicia social un ideal fuera del alcance o una posibilidad real? Más allá del discurso intelectual, la idea de la justicia desempeña un importante papel en la vida. El autor ofrece una alternativa a las teorías convencionales de la justicia, que a pesar de sus muchos logros hace tiempo que dejaron atrás las realidades prácticas. Desde la Ilustración, las teorías dominantes han tendido a ocuparse de identificar las disposiciones sociales perfectamente justas y definir la naturaleza de la sociedad perfecta. El autor, entregado a la reducción de la injusticia, centra su enfoque en los juicios comparativos de IQ que es más o menos justo y en evaluar los méritos de ciertas instituciones e interacciones sociales. En el núcleo de su reflexión subyace el respeto por las diferentes percepciones de la sociedad justa. Muy distintas convicciones pueden ofrecer soluciones claras, directas y defendibles. La perspectiva del autor, uno de los pensadores más influyentes de esta era, hace uso de esa pluralidad con el fin de construir una teoría de la justicia para el mundo moderno, capaz de absorber distintos puntos de vista y resolver las cuestiones de injusticia global. aTítulo original : t The idea of justice.14aRawls, John, d 1921-2002 xCrítica e interpretación  4aDerechos civiles. 4aJusticia social.2  4aIgualdad. 4aReconocimiento (Filosofía) 4aFilosofía de la libertad. 4aÉtica aValencia Villa, Hernando, d 1949-, etr.  aPensamiento